History Quiz

Random History or Clickable Quiz

July 4 in History Quiz Stats

 Plays Quiz not verified by Sporcle

Challenge
Share
Tweet
Embed
Score 0/31 Timer 07:00
0 Plays Today
% Correct
1966
81.6%
1754
76.3%
1914
76.3%
1863
73.7%
1918
65.8%
1826
63.2%
1803
63.2%
1886
60.5%
2009
60.5%
1913
57.9%
1943
57.9%
1187
55.3%
1802
55.3%
1636
55.3%
1054
52.6%
1997
52.6%
% Correct
1872
52.6%
2012
50%
1939
47.4%
1941
47.4%
1910
44.7%
1946
42.1%
1927
42.1%
1987
39.5%
1855
34.2%
1950
34.2%
1817
31.6%
1934
31.6%
1865
28.9%
1804
23.7%
1807
21.1%

You're not logged in!

Compare scores with friends on all Sporcle quizzes.
OR
Log In

You Might Also Like...

Show Comments

Extras

Created Jan 14, 2013ReportNominate
Tags:Clickable Quiz, event, July, July 4, place, took

Top Quizzes Today


Score Distribution

Your Account Isn't Verified!

In order to create a playlist on Sporcle, you need to verify the email address you used during registration. Go to your Sporcle Settings to finish the process.

Report this User

Report this user for behavior that violates our Community Guidelines.

Details: